Benchmarking a produktivita - bok po boku

Pojem benchmarking. Proces benchmarkingu. Stanovenie a definovanie silných a slabých stránok podniku. Praktizovanie benchmarkingu. Využívanie benchmarkingu na dosiahnutie konkurencieschopnosti. Využívanie komparatívnej analýzy, teda porovnávanie produktivity konkurenčných firiem, alebo útvarov. Vyja...

Descrizione completa

Salvato in:
Dettagli Bibliografici
Autore principale: Kortišová, Martina
Natura: Capitolo di libro
Lingua:slovacco
Soggetti:
Tags: Aggiungi Tag
Nessun Tag, puoi essere il primo ad aggiungerne!!

MARC

LEADER 00000naa a2200000 4500
001 r039947
005 20231002120921.2
041 0 |a slo 
044 |a SK 
245 1 0 |a Benchmarking a produktivita - bok po boku  |c Martina Kortišová 
520 |a Pojem benchmarking. Proces benchmarkingu. Stanovenie a definovanie silných a slabých stránok podniku. Praktizovanie benchmarkingu. Využívanie benchmarkingu na dosiahnutie konkurencieschopnosti. Využívanie komparatívnej analýzy, teda porovnávanie produktivity konkurenčných firiem, alebo útvarov. Vyjadrenie produktivity firmy. 
610 2 0 |a benchmarking 
610 2 0 |a produktivita 
610 2 0 |a konkurencieschopnosť 
610 2 0 |a firmy 
100 1 |a Kortišová, Martina